00218nam a2200085 a 450000500170000000800410001705000160005824500260007426000320010020140513081056.0070202s19uu xx 00 eng d aPbSTA 2000 aStates of the matter. bMabuhay Educational,c2000.